[Event "Fyli op 5th"]
[Site "Fyli"]
[Date "2012.10.20"]
[Round "6"]
[White "Gougis, Antonios"]
[Black "Kapellas, Alexandros Antonios"]
[Result "1-0"]
[WhiteElo "1639"]
[BlackElo "1437"]
[PlyCount "65"]
[EventDate "2012.09.15"]
[EventType "swiss"]
[EventRounds "7"]
[EventCountry "GRE"]
[SourceTitle "EXT 2014"]
[Source "ChessBase"]
[SourceDate "2013.11.20"]
[SourceVersion "1"]
[SourceVersionDate "2013.11.20"]
[SourceQuality "1"]

1. d4 d5 2. c4 e6 3. Nf3 Bd6 4. c5 Be7 5. Nc3 Nc6 6. Bf4 b6 7. Nb5 e5 8. Nxe5 Na5 9. b4 Ba6 10. e3 c6 11. Nc7+ Qxc7 12. Bxa6 Nb7 13. Nxf7 Qd7 14. Nxh8 Nf6 15. Qf3 Kf8 16. Bxb7 Qxb7 17. Qg3 bxc5 18. 0-0 cxb4 19. Rac1 Kg8 20. Bh6 Bf8 21. Ng6 hxg6 22. Qxg6 a5 23. Bg5 Be7 24. Bxf6 Bxf6 25. g4 Rc8 26. g5 Bd8 27. Qe8+ Kh7 28. Qh5+ Kg8 29. Kh1 a4 30. Rg1 c5 31. Qe8+ Kh7 32. g6+ Kh6 33. Qh8# 1-0

[Event "Fyli op 3rd"]
[Site "Fyli"]
[Date "2011.09.16"]
[Round "1"]
[White "Papadopoulos, Georgios2222"]
[Black "Gougis, Antonios"]
[Result "1-0"]
[WhiteElo "1839"]
[BlackElo "1609"]
[PlyCount "77"]
[EventDate "2011.09.16"]
[EventType "swiss"]
[EventRounds "7"]
[EventCountry "GRE"]
[SourceTitle "EXT 2013"]
[Source "ChessBase"]
[SourceDate "2012.11.22"]
[SourceVersion "1"]
[SourceVersionDate "2012.11.22"]
[SourceQuality "1"]

1. e4 c5 2. c3 d5 3. exd5 Qxd5 4. d4 cxd4 5. cxd4 Nc6 6. Nf3 Nf6 7. Nc3 Qd8 8. d5 Nb4 9. Qa4+ Bd7 10. Qxb4 Rb8 11. Bb5 a6 12. Bxd7+ Qxd7 13. Qb3 b5 14. Bf4 Rb7 15. Rd1 g6 16. 0-0 Bg7 17. Ne5 Qf5 18. d6 0-0 19. dxe7 Rxe7 20. Nc6 Re6 21. Nd4 Qxf4 22. Nxe6 fxe6 23. Qxe6+ Kh8 24. Qxa6 Ng4 25. g3 Qf3 26. Qb6 h5 27. h3 h4 28. Rd8 Kh7 29. Rxf8 Bxf8 30. Qd8 Nxf2 31. Qxh4+ Kg8 32. Rxf2 Bc5 33. Qd8+ Kh7 34. Qc7+ Kg8 35. Qxc5 Qxg3+ 36. Rg2 Qe1+ 37. Kh2 Qe8 38. Qxb5 Qf7 39. Qd5 1-0

[Event "Fyli op 2nd"]
[Site "Fyli"]
[Date "2011.05.06"]
[Round "3"]
[White "Tamvakos, Panagiotis"]
[Black "Gougis, Antonios"]
[Result "0-1"]
[WhiteElo "1616"]
[BlackElo "1690"]
[PlyCount "89"]
[EventDate "2011.04.15"]
[EventType "swiss"]
[EventRounds "7"]
[EventCountry "GRE"]
[SourceTitle "EXT 2013"]
[Source "ChessBase"]
[SourceDate "2012.11.22"]
[SourceVersion "1"]
[SourceVersionDate "2012.11.22"]
[SourceQuality "1"]

1. e4 c5 2. Nf3 d6 3. g3 e5 4. Bg2 b5 5. 0-0 Nf6 6. d3 Qc7 7. b3 Bb7 8. Nbd2 a5 9. Bb2 a4 10. Nh4 g6 11. c3 Be7 12. Re1 Nh5 13. Nhf3 0-0 14. Nf1 a3 15. Bc1 f5 16. Bh6 Ng7 17. exf5 Rxf5 18. Ne3 Rh5 19. Bxg7 Kxg7 20. g4 Rh6 21. c4 Qd7 22. h3 Qe6 23. Nd5 Nd7 24. Nc7 Qf7 25. Nxa8 Bxa8 26. Re3 b4 27. Qe2 Qf4 28. Ne1 Bxg2 29. Nxg2 Qd4 30. Re1 Bg5 31. Rf3 Nf6 32. Ne3 Bf4 33. Ng2 Bg5 34. Ne3 Bf4 35. Nd5 Nxd5 36. cxd5 Qb2 37. Rxf4 Qxe2 38. Rxe2 exf4 39. Re7+ Kf8 40. Re6 Rxh3 41. Rxd6 Rxd3 42. Kf1 Ke7 43. Ke2 Kxd6 44. Kxd3 Kxd5 45. f3 0-1

[Event "Panagiotis Apergis op"]
[Site "Ano Liosia"]
[Date "2007.04.24"]
[Round "1"]
[White "Kesoglou, Konstantinos"]
[Black "Gougis, Antonios"]
[Result "1-0"]
[WhiteElo "2065"]
[BlackElo "1275"]
[PlyCount "59"]
[EventDate "2007.04.24"]
[EventType "swiss"]
[EventRounds "7"]
[EventCountry "GRE"]
[SourceTitle "EXT 2008"]
[Source "ChessBase"]
[SourceDate "2007.11.25"]
[SourceVersion "1"]
[SourceVersionDate "2007.11.25"]
[SourceQuality "1"]

1. e4 e5 2. Nf3 Nc6 3. Bb5 a6 4. Ba4 Nf6 5. d4 exd4 6. e5 Ng4 7. 0-0 b5 8. Bb3 Ncxe5 9. Nxe5 Nxe5 10. Re1 Bd6 11. f4 Qf6 12. fxe5 Bxe5 13. Qf3 0-0 14. Qxf6 Bxf6 15. Nd2 Bb7 16. Ne4 Be7 17. Bg5 Bb4 18. c3 dxc3 19. bxc3 Ba3 20. Rad1 Rae8 21. Ng3 Rxe1+ 22. Rxe1 h6 23. Bf4 c5 24. Bd6 Rc8 25. Nf5 Kh7 26. Bxf7 Rc6 27. Rd1 Bb2 28. Ne7 Rb6 29. Bg6+ Kh8 30. Rf1 1-0